000 00627nam a2200265Ia 4500
005 20260306164418.0
008 008 260114s9999 xx 000 0 eng d
020 _a9781400889921
037 _aEBOOK
040 _aCRL
040 _beng
040 _cCRL
041 _2eng
041 _aeng
084 _qCRL
100 _aVon Neumann
_91130666
245 0 _aMathematical Foundations Of Quantum Mechanics
260 _bPrinceton University Press
260 _c2018
650 _aPhysics
856 _uhttps://academic.oup.com/book/42556
942 _cEBOOK
999 _c1713985
_d1713985